[Event "16th EUR-ch"]
[Site "Jerusalem ISR"]
[Date "2015.02.26"]
[Round "3"]
[White "Ter-Sahakyan, Samvel"]
[Black "Sargissian, Gabriel"]
[Result "1/2-1/2"]
[WhiteElo "2580"]
[BlackElo "2668"]
[EventDate "2015.02.24"]
[PlyCount "89"]

1.e4 e5 2.Nf3 Nc6 3.Bb5 Nf6 4.d3 Bc5 5.c3 O-O 6.O-O Re8 7.Bg5 h6 8.Bh4 Be7
9.Nbd2 d6 10.Bg3 Bd7 11.a4 Bf8 12.Re1 a6 13.Bc4 Be6 14.Bxe6 Rxe6 15.d4 
exd4 16.cxd4 Nb4 17.Bh4 g5 18.Bg3 c5 19.Qb3 d5 20.dxc5 Bxc5 21.Rac1 Qb6 
22.a5 Qb5 23.exd5 Rxe1+ 24.Rxe1 Nbxd5 25.Qxb5 axb5 26.Nb3 Bb4 27.Ra1 Bf8 
28.Nfd4 b4 29.Nb5 Ne4 30.Rd1 Nc5 31.Nxc5 Bxc5 32.Rxd5 Rxa5 33.Kf1 Rxb5 34.
Bc7 Kg7 35.Ke2 Kg6 36.Kd3 b6 37.Bxb6 Rxb6 38.Rxc5 Rd6+ 39.Ke3 Re6+ 40.Kd3 
Rd6+ 41.Ke2 Re6+ 42.Kd2 Rd6+ 43.Ke2 Re6+ 44.Kd2 Rd6+ 45.Ke2 1/2-1/2

[Event "16th EUR-ch"]
[Site "Jerusalem ISR"]
[Date "2015.02.26"]
[Round "3"]
[White "Howell, David"]
[Black "Yilmaz, Mustafa"]
[Result "1/2-1/2"]
[WhiteElo "2663"]
[BlackElo "2570"]
[EventDate "2015.02.24"]
[PlyCount "169"]

1.c4 e5 2.Nc3 Nc6 3.g3 Bc5 4.Bg2 a6 5.e3 d6 6.b3 Nge7 7.Bb2 Ba7 8.d3 O-O 
9.Nge2 Bf5 10.Qd2 Qd7 11.h3 Rae8 12.Rc1 h5 13.Ne4 f6 14.Kf1 h4 15.g4 Bg6 
16.Ke1 Nd8 17.Ba3 Ne6 18.N2c3 Rf7 19.Kd1 b5 20.Nd5 bxc4 21.dxc4 Nc8 22.
Ndc3 Nb6 23.c5 Nxc5 24.Nxc5 dxc5 25.Qxd7 Rxd7+ 26.Ke1 Red8 27.Bxc5 Nc8 28.
Bxa7 Nxa7 29.Be4 Nb5 30.Bxg6 Nxc3 31.Kf1 Nxa2 32.Rc4 Rb8 33.Ra4 Nb4 34.Kg2
c5 35.Rc1 Rc7 36.Ra5 Rb5 37.Rd1 Rb8 38.Rc1 Rb5 39.Rd1 Rc8 40.Raa1 Rb7 41.
Rd6 Kf8 42.Rad1 Rcb8 43.Kf3 Rc7 44.g5 fxg5 45.Kg4 Nc6 46.R6d5 Na5 47.Ra1 
Nxb3 48.Rxa6 c4 49.Rxe5 Nc5 50.Rb6 Rbc8 51.Rxg5 c3 52.Bc2 Rd8 53.Rf5+ Ke7 
54.Re5+ Kf8 55.Rf5+ Ke7 56.Rg6 Ke8 57.Rgg5 Ne6 58.Re5 Rd6 59.f4 Kf8 60.
Rgf5+ Ke7 61.Kxh4 Rb7 62.Rg5 Kf7 63.Bg6+ Kf8 64.Rg2 Rc7 65.Rc2 Rc4 66.Kg3 
Nc7 67.Be4 Rd2 68.Rc1 Kf7 69.Kf3 Kf6 70.h4 c2 71.Rf5+ Ke7 72.Ra5 Rc3 73.f5
Rh2 74.Kg3 Re2 75.Kf4 Rexe3 76.Ra2 Re2 77.Rcxc2 Rcxc2 78.Bxc2 Kf6 79.Kf3 
Rh2 80.Kg3 Rd2 81.Kf3 Rh2 82.Kg3 Rd2 83.Kh3 Rf2 84.Bb1 Rxa2 85.Bxa2 
1/2-1/2

[Event "16th EUR-ch"]
[Site "Jerusalem ISR"]
[Date "2015.02.26"]
[Round "3"]
[White "Michalik, Peter"]
[Black "Saric, Ivan"]
[Result "1-0"]
[WhiteElo "2576"]
[BlackElo "2661"]
[EventDate "2015.02.24"]
[PlyCount "111"]

1.d4 d5 2.Nf3 Nf6 3.c4 e6 4.Nc3 Bb4 5.Qa4+ Nc6 6.Qc2 O-O 7.e3 dxc4 8.Bxc4 
Bd6 9.a3 e5 10.d5 Ne7 11.e4 c6 12.Bg5 cxd5 13.Bxf6 dxc4 14.Bxe5 Nc6 15.Bg3
Bxg3 16.hxg3 Bg4 17.Rd1 Qe8 18.Rd5 f5 19.Kf1 Rd8 20.exf5 Bxf3 21.gxf3 Qf7 
22.f6 gxf6 23.Rdh5 f5 24.Ne2 Ne5 25.Rg5+ Ng6 26.Nf4 Rd6 27.Rhh5 Rf6 28.Qd2
b5 29.Nd5 Re6 30.f4 Rc6 31.Rxf5 Qxf5 32.Rxf5 Rxf5 33.Ne3 Rfc5 34.Qd8+ Nf8 
35.Nd5 Re6 36.f5 Re5 37.Nf6+ Kf7 38.Ng4 Rxf5 39.Nh6+ Kg6 40.Nxf5 Rxf5 41.
Qa5 Nd7 42.Qxa7 Nf6 43.a4 bxa4 44.Qxa4 Rc5 45.Qb4 Rc7 46.Kg2 h5 47.Kh3 Rc6
48.f4 Rc8 49.Kh4 Rc7 50.Qa5 Re7 51.Qg5+ Kf7 52.Qc5 Re1 53.Qxc4+ Kg6 54.Kh3
Re3 55.f5+ Kg7 56.Qf4 1-0

[Event "16th EUR-ch"]
[Site "Jerusalem ISR"]
[Date "2015.02.26"]
[Round "3"]
[White "Akopian, Vladimir"]
[Black "Oparin, Grigoriy"]
[Result "1-0"]
[WhiteElo "2660"]
[BlackElo "2551"]
[EventDate "2015.02.24"]
[PlyCount "77"]

1.e4 c5 2.Nf3 d6 3.d4 cxd4 4.Nxd4 Nf6 5.Nc3 a6 6.Be3 e5 7.Nb3 Be6 8.f3 h5 
9.Qd2 Nbd7 10.O-O-O Rc8 11.Kb1 Qc7 12.Rc1 Be7 13.Nd5 Nxd5 14.exd5 Bf5 15.
Bd3 Bxd3 16.cxd3 Qb8 17.Rxc8+ Qxc8 18.Rc1 Qb8 19.Qa5 Bd8 20.Qa4 Qa8 21.Nd2
b5 22.Qb3 O-O 23.Ne4 Be7 24.Rc7 Qd8 25.Qc2 Nf6 26.Nxf6+ Bxf6 27.Qc6 Bg5 
28.Rd7 Qf6 29.Rxd6 Qf5 30.Bxg5 Qxg5 31.Qc2 Qe3 32.a3 a5 33.Ka2 Rb8 34.Rc6 
Qd4 35.Rc5 a4 36.Qc3 b4 37.axb4 Rxb4 38.d6 a3 39.Kxa3 1-0

[Event "16th EUR-ch"]
[Site "Jerusalem ISR"]
[Date "2015.02.26"]
[Round "3"]
[White "Indjic, Aleksandar"]
[Black "Smirin, Ilia"]
[Result "0-1"]
[WhiteElo "2546"]
[BlackElo "2650"]
[EventDate "2015.02.24"]
[PlyCount "84"]

1.e4 e5 2.Nf3 Nc6 3.Bb5 a6 4.Bxc6 dxc6 5.d3 f6 6.Be3 Ne7 7.Nbd2 Ng6 8.d4 
Bg4 9.h3 exd4 10.Bxd4 Be6 11.Be3 c5 12.Qe2 Qd7 13.O-O O-O-O 14.a3 Qc6 15.
b4 cxb4 16.Nd4 Rxd4 17.Bxd4 bxa3 18.c4 Bb4 19.Qe3 Rd8 20.Nf3 Bxc4 21.Rfc1 
b5 22.Rc2 Re8 23.Nd2 Bxd2 24.Rxd2 Rxe4 25.Qxa3 Nf4 26.Qf3 Bd5 27.Qg4+ Kb7 
28.Be3 g5 29.Qd1 Nxg2 30.Rxd5 Rxe3 31.fxe3 Nxe3 32.Rxb5+ axb5 33.Qe2 Qc5 
34.Qf3+ c6 35.Qf2 f5 36.Kh1 f4 37.Qb2 Kb6 38.Ra2 Qd5+ 39.Kh2 Nf1+ 40.Kg1 
Ng3 41.Kf2 Ne4+ 42.Kg1 f3 0-1

[Event "16th EUR-ch"]
[Site "Jerusalem ISR"]
[Date "2015.02.26"]
[Round "3"]
[White "Kravtsiv, Martyn"]
[Black "Dreev, Aleksey"]
[Result "0-1"]
[WhiteElo "2565"]
[BlackElo "2643"]
[EventDate "2015.02.24"]
[PlyCount "60"]

1.e4 c6 2.d4 d5 3.e5 Bf5 4.Nf3 e6 5.Be2 c5 6.O-O Nc6 7.Be3 cxd4 8.Nxd4 
Nge7 9.f4 Nxd4 10.Bxd4 Nc6 11.Be3 Qa5 12.Kh1 Bc5 13.Bxc5 Qxc5 14.c3 Qb6 
15.Qb3 Qe3 16.Qxb7 O-O 17.Bf3 Rfc8 18.Na3 Rab8 19.Qd7 Qb6 20.Bxd5 Rc7 21.
Nc4 Rxd7 22.Nxb6 Rxb6 23.Bf3 g5 24.g4 Bd3 25.Rfe1 gxf4 26.Rad1 Ne7 27.b3 
Bb5 28.c4 Rxd1 29.Rxd1 Bc6 30.Kg2 Ng6 0-1

[Event "16th EUR-ch"]
[Site "Jerusalem ISR"]
[Date "2015.02.26"]
[Round "3"]
[White "Boruchovsky, Avital"]
[Black "Ivanisevic, Ivan"]
[Result "1/2-1/2"]
[WhiteElo "2536"]
[BlackElo "2638"]
[EventDate "2015.02.24"]
[PlyCount "134"]

1.e4 c5 2.Nf3 e6 3.c3 d5 4.exd5 exd5 5.d4 Nc6 6.Bb5 Bd6 7.dxc5 Bxc5 8.O-O 
Nf6 9.Re1+ Be6 10.Be3 Bd6 11.Nbd2 O-O 12.h3 a6 13.Bd3 Re8 14.Bc2 Qd7 15.
Bg5 Nh5 16.Nd4 Nf4 17.Nxe6 Nxe6 18.Be3 d4 19.Ne4 Be7 20.Qd3 Ne5 21.Nf6+ 
Bxf6 22.Qxh7+ Kf8 23.cxd4 Ng6 24.Rad1 Nxd4 25.Rxd4 Bxd4 26.Rd1 Rxe3 27.
fxe3 Qe6 28.Bxg6 Qxe3+ 29.Kh1 Re8 30.Qh8+ Ke7 31.Qh4+ Kf8 32.Bxf7 Bf6 33.
Qc4 Qe2 34.Qxe2 Rxe2 35.Bh5 Rxb2 36.Bg6 Ke7 37.Rb1 Rxa2 38.Rxb7+ Kd6 39.h4
a5 40.Kh2 Be5+ 41.Kh3 Ra3+ 42.Kg4 Rg3+ 43.Kf5 Rxg2 44.Be8 Rf2+ 45.Kg6 Rf8 
46.Rb6+ Kc5 47.Re6 Bd4 48.h5 Rh8 49.Kg5 Kb4 50.Re4 Kc3 51.Re6 Kb3 52.Re4 
Bf6+ 53.Kf5 Bc3 54.Re3 Kb4 55.Re4+ Kc5 56.Bf7 Bd2 57.Re8 Rxe8 58.Bxe8 Kd4 
59.Bd7 Bh6 60.Be8 Kc3 61.Ke4 Kb3 62.Bf7+ Kb2 63.Be8 Kc3 64.Bd7 Bg5 65.Be8 
Kb3 66.Bf7+ Kb4 67.Kd3 a4 1/2-1/2

[Event "16th EUR-ch"]
[Site "Jerusalem ISR"]
[Date "2015.02.26"]
[Round "3"]
[White "Zoler, Dan"]
[Black "Hracek, Zbynek"]
[Result "1/2-1/2"]
[WhiteElo "2527"]
[BlackElo "2631"]
[EventDate "2015.02.24"]
[PlyCount "78"]

1.d4 Nf6 2.c4 e6 3.Nf3 b6 4.g3 Ba6 5.Nbd2 c5 6.Bg2 Nc6 7.dxc5 bxc5 8.O-O 
Be7 9.b3 Qc7 10.Bb2 Rd8 11.Re1 O-O 12.Qc2 Bb7 13.Rac1 d6 14.Qb1 h6 15.Qa1 
a5 16.Bc3 a4 17.Nf1 axb3 18.axb3 Ne8 19.N3d2 Bf6 20.Bxf6 Nxf6 21.Qc3 Rb8 
22.Bxc6 Bxc6 23.Ra1 Rb4 24.Ra3 Nd7 25.Qe3 d5 26.cxd5 exd5 27.Rea1 Qb8 28.
f3 Re8 29.Qf2 d4 30.g4 Bd5 31.Ra7 Ne5 32.Qg3 Nc6 33.Ra8 Qxg3+ 34.Nxg3 Rxa8
35.Rxa8+ Rb8 36.Ra6 Nd8 37.Rd6 Ba8 38.f4 Kf8 39.Ra6 Bd5 1/2-1/2

[Event "16th EUR-ch"]
[Site "Jerusalem ISR"]
[Date "2015.02.26"]
[Round "3"]
[White "Kozul, Zdenko"]
[Black "Abasov, Nijat"]
[Result "1-0"]
[WhiteElo "2630"]
[BlackElo "2523"]
[EventDate "2015.02.24"]
[PlyCount "91"]

1.d4 Nf6 2.c4 e6 3.Nf3 d5 4.Nc3 Bb4 5.cxd5 exd5 6.Bg5 Nbd7 7.e3 c5 8.Bd3 
Qa5 9.Qc2 c4 10.Bf5 O-O 11.O-O Re8 12.Nd2 g6 13.Bxd7 Nxd7 14.f3 Nb6 15.h4 
Bxc3 16.bxc3 Qa4 17.Qc1 Bf5 18.Re1 Qc6 19.a4 Bd3 20.a5 Nd7 21.Qa3 Re6 22.
Ra2 Kg7 23.Rb2 b5 24.a6 Rb8 25.Bf4 Rb6 26.Ra1 Qc8 27.Rba2 b4 28.cxb4 Rxa6 
29.Qc3 Rxa2 30.Rxa2 Ra6 31.Ra5 Nb6 32.Qa1 Rxa5 33.bxa5 Nd7 34.Qc3 Qd8 35.
Bg3 Nb8 36.Qb4 Nc6 37.Qc5 Nxa5 38.Bc7 Qe8 39.Qxa5 Qxe3+ 40.Kh2 Qxd4 41.f4 
f6 42.Nf3 Qf2 43.Bd6 Be4 44.Bc5 Qe2 45.Qxa7+ Kh6 46.Kg3 1-0

[Event "16th EUR-ch"]
[Site "Jerusalem ISR"]
[Date "2015.02.26"]
[Round "3"]
[White "Baron, Tal"]
[Black "Khairullin, Ildar"]
[Result "1/2-1/2"]
[WhiteElo "2510"]
[BlackElo "2629"]
[EventDate "2015.02.24"]
[PlyCount "47"]

1.d4 Nf6 2.c4 e6 3.Nc3 Bb4 4.f3 O-O 5.a3 Bxc3+ 6.bxc3 Nh5 7.Nh3 f5 8.Bg5 
Qe8 9.g4 Nf6 10.gxf5 exf5 11.c5 b6 12.Nf4 bxc5 13.dxc5 Kh8 14.h4 Bb7 15.
Bg2 Nc6 16.h5 Ne5 17.h6 Nxf3+ 18.Bxf3 Bxf3 19.hxg7+ Kxg7 20.Bh6+ Kg8 21.
Rg1+ Bg4 22.Bxf8 Qxf8 23.Nd5 Re8 24.Ra2 1/2-1/2

[Event "16th EUR-ch"]
[Site "Jerusalem ISR"]
[Date "2015.02.26"]
[Round "3"]
[White "Salgado Lopez, Ivan"]
[Black "Sadzikowski, Daniel"]
[Result "1-0"]
[WhiteElo "2628"]
[BlackElo "2492"]
[EventDate "2015.02.24"]
[PlyCount "103"]

1.c4 c5 2.Nf3 Nf6 3.d4 cxd4 4.Nxd4 Nc6 5.Nc3 g6 6.e4 d6 7.Be2 Bg7 8.Be3 
O-O 9.O-O Nxd4 10.Bxd4 Bd7 11.Qd2 Bc6 12.f3 a5 13.b3 Nd7 14.Be3 Nc5 15.
Rac1 Qb6 16.Nb5 f5 17.exf5 gxf5 18.Rfe1 Rad8 19.Bf2 Rd7 20.Bf1 Qd8 21.Rcd1
e5 22.Nc3 Kh8 23.Nd5 Re8 24.Qc2 Rf7 25.Nc3 Qf6 26.Nd5 Qg6 27.Qd2 Rg8 28.
Qxa5 Ne6 29.Kh1 Bf8 30.Be3 Rfg7 31.Qd2 h5 32.Qf2 Rh7 33.Qh4 f4 34.Bb6 Bxd5
35.cxd5 Ng5 36.Qf2 Rhg7 37.Rc1 Be7 38.Rc7 Bf6 39.Rxg7 Bxg7 40.Rc1 e4 41.
fxe4 Nxe4 42.Qf3 Ng5 43.Qxf4 Nf7 44.Qg3 Qh6 45.Qe3 Qf6 46.Qf3 Qg5 47.Be3 
Qg6 48.Be2 Bh6 49.Bd4+ Ne5 50.Rg1 h4 51.Bd3 Qg5 52.Qf5 1-0

[Event "16th EUR-ch"]
[Site "Jerusalem ISR"]
[Date "2015.02.26"]
[Round "3"]
[White "Sutovsky, Emil"]
[Black "Firat, Burak"]
[Result "1-0"]
[WhiteElo "2626"]
[BlackElo "2486"]
[EventDate "2015.02.24"]
[PlyCount "67"]

1.e4 c5 2.Nf3 d6 3.d4 cxd4 4.Nxd4 Nf6 5.Nc3 Nc6 6.Bg5 g6 7.Bxf6 exf6 8.Bb5
Bd7 9.Nde2 Be7 10.Nd5 O-O 11.O-O f5 12.exf5 Bxf5 13.Ng3 Be6 14.c3 Bf6 15.
Bxc6 bxc6 16.Nxf6+ Qxf6 17.Qxd6 Rfd8 18.Qxc6 Rab8 19.b3 Rbc8 20.Qa6 Qxc3 
21.Qxa7 Ra8 22.Qe7 Qd4 23.Qg5 Rd5 24.Qh6 Rdd8 25.Qg5 Rd5 26.Qh6 Rdd8 27.
Ne2 Qb2 28.Qe3 Rxa2 29.Rxa2 Qxa2 30.Nd4 Bd5 31.Nf5 Bxb3 32.Ne7+ Kg7 33.
Qc3+ Kh6 34.Nf5+ 1-0

[Event "16th EUR-ch"]
[Site "Jerusalem ISR"]
[Date "2015.02.26"]
[Round "3"]
[White "Barnaure, Vlad-Victor"]
[Black "Van Kampen, Robin"]
[Result "0-1"]
[WhiteElo "2508"]
[BlackElo "2626"]
[EventDate "2015.02.24"]
[PlyCount "80"]

1.d4 Nf6 2.c4 g6 3.Nf3 Bg7 4.Nc3 O-O 5.Bf4 c5 6.d5 d6 7.h3 Qa5 8.Bd2 Qb6 
9.e4 e6 10.Bd3 exd5 11.exd5 Qxb2 12.Rb1 Qa3 13.O-O Na6 14.Rb3 Qa5 15.Ng5 
Qd8 16.Nge4 Ne8 17.Bg5 f6 18.Bf4 Nac7 19.Re1 b6 20.h4 h6 21.Qd2 f5 22.Bxh6
fxe4 23.Bg5 Nf6 24.Nxe4 Bf5 25.h5 Nxe4 26.Bxe4 Qd7 27.hxg6 Rae8 28.Bxf5 
Rxe1+ 29.Qxe1 Qxf5 30.Be7 Re8 31.Re3 Qxg6 32.Kf1 Be5 33.Rxe5 dxe5 34.Qxe5 
Qg7 35.Qxg7+ Kxg7 36.d6 Kf7 37.f4 Rxe7 38.dxe7 Kxe7 39.Ke2 Ne8 40.Kd3 Nd6 
0-1

[Event "16th EUR-ch"]
[Site "Jerusalem ISR"]
[Date "2015.02.26"]
[Round "3"]
[White "Kempinski, Robert"]
[Black "Neverov, Valeriy"]
[Result "1-0"]
[WhiteElo "2625"]
[BlackElo "2485"]
[EventDate "2015.02.24"]
[PlyCount "57"]

1.d4 Nf6 2.c4 g6 3.Nc3 d5 4.Qb3 dxc4 5.Qxc4 Bg7 6.e4 O-O 7.Be2 Nc6 8.Nf3 
Bg4 9.d5 Na5 10.Qb4 Bxf3 11.Bxf3 c6 12.Be3 cxd5 13.exd5 Ne8 14.Rc1 Nd6 15.
Nb5 b6 16.Nxd6 exd6 17.Qb5 Rc8 18.O-O Qe8 19.Qb4 Qe5 20.b3 Nb7 21.Qa3 Na5 
22.g3 Qb2 23.Qa4 Be5 24.Rxc8 Rxc8 25.Qd7 Ra8 26.Rc1 Qxa2 27.Bh6 Rf8 28.Rc8
Qa1+ 29.Kg2 1-0

[Event "16th EUR-ch"]
[Site "Jerusalem ISR"]
[Date "2015.02.26"]
[Round "3"]
[White "Raznikov, Danny"]
[Black "Romanov, Evgeny"]
[Result "1/2-1/2"]
[WhiteElo "2494"]
[BlackElo "2625"]
[EventDate "2015.02.24"]
[PlyCount "66"]

1.d4 d6 2.Nf3 g6 3.g3 Bg7 4.Bg2 c5 5.c4 Nc6 6.d5 Na5 7.Na3 Nf6 8.Bd2 Bd7 
9.Bc3 a6 10.O-O b5 11.cxb5 axb5 12.b4 Nb7 13.Nc2 O-O 14.a3 Qb6 15.Bb2 Bf5 
16.Nh4 Bxc2 17.Qxc2 Ra4 18.Qb3 Rfa8 19.Rab1 Ne8 20.Bc1 c4 21.Qc2 Rxa3 22.
Bxa3 Rxa3 23.Nf3 Nc7 24.Qe4 Kf8 25.Rfd1 Nd8 26.Bh3 Qb7 27.Nd4 Bf6 28.e3 e6
29.Qf4 Nxd5 30.Qxd6+ Be7 31.Qe5 Bf6 32.Qd6+ Be7 33.Qe5 Bf6 1/2-1/2

[Event "16th EUR-ch"]
[Site "Jerusalem ISR"]
[Date "2015.02.26"]
[Round "3"]
[White "Chekhov, Sergei"]
[Black "Erdos, Viktor"]
[Result "0-1"]
[WhiteElo "2470"]
[BlackElo "2615"]
[EventDate "2015.02.24"]
[PlyCount "108"]

1.e4 e5 2.Nf3 Nc6 3.Bc4 Bc5 4.c3 Nf6 5.d4 exd4 6.cxd4 Bb4+ 7.Bd2 Nxe4 8.
Bxb4 Nxb4 9.Bxf7+ Kxf7 10.Qb3+ Kf8 11.Qxb4+ Qe7 12.Qxe7+ Kxe7 13.O-O Re8 
14.Na3 d6 15.Rfe1 Kd8 16.Rac1 Bd7 17.Ne5 Ng5 18.Nxd7 Kxd7 19.f3 Ne6 20.Re4
d5 21.Rh4 Re7 22.Re1 Rae8 23.Nc2 g6 24.Re5 c6 25.g3 Rf7 26.f4 g5 27.Rh6 
gxf4 28.g4 Rg7 29.Kf2 Rxg4 30.Rxh7+ Re7 31.Reh5 Rgg7 32.Rxg7 Rxg7 33.Rh6 
a5 34.b3 Rf7 35.Rh8 Rg7 36.Rh6 Ke7 37.Rh8 Kf6 38.Rh5 Kg6 39.Re5 Kf7 40.
Rf5+ Ke7 41.Re5 Rh7 42.Kg2 Kd6 43.Rf5 Rh4 44.Rf7 Ng5 45.Rxb7 f3+ 46.Kf1 
Rxh2 47.Ne3 Ne4 48.Kg1 Re2 49.Nf5+ Ke6 50.Ng7+ Kf6 51.Ne8+ Kg5 52.Rg7+ Kf4
53.Rf7+ Ke3 54.Ng7 Rg2+ 0-1

[Event "16th EUR-ch"]
[Site "Jerusalem ISR"]
[Date "2015.02.26"]
[Round "3"]
[White "Pantsulaia, Levan"]
[Black "Iovcov, Valerii"]
[Result "1-0"]
[WhiteElo "2615"]
[BlackElo "2368"]
[EventDate "2015.02.24"]
[PlyCount "71"]

1.c4 Nf6 2.g3 e6 3.Bg2 d5 4.Nf3 Be7 5.O-O O-O 6.b3 b6 7.Bb2 Bb7 8.e3 Nbd7 
9.Nc3 Ne4 10.Ne2 c5 11.cxd5 Bxd5 12.Nf4 Bb7 13.d4 cxd4 14.Nxd4 Ndf6 15.Nh5
Nxh5 16.Qxh5 Nf6 17.Qh3 Bxg2 18.Qxg2 Qd5 19.Nc6 Bc5 20.Rac1 Rfc8 21.Ne5 
Rd8 22.Rc2 Ne4 23.b4 Bf8 24.Rfc1 Qd1+ 25.Qf1 Qh5 26.g4 Qh4 27.Qg2 Ng5 28.
f4 f6 29.Nc6 Nh3+ 30.Kf1 Rd5 31.Qg3 Qxg3 32.hxg3 h5 33.gxh5 Rxh5 34.Kg2 g5
35.Bxf6 g4 36.Ne5 1-0

[Event "16th EUR-ch"]
[Site "Jerusalem ISR"]
[Date "2015.02.26"]
[Round "3"]
[White "Sipila, Vilka"]
[Black "Andriasian, Zaven"]
[Result "0-1"]
[WhiteElo "2425"]
[BlackElo "2612"]
[EventDate "2015.02.24"]
[PlyCount "132"]

1.d4 Nf6 2.c4 c5 3.d5 e6 4.Nc3 exd5 5.cxd5 d6 6.Nf3 g6 7.Bf4 Bg7 8.Qa4+ 
Bd7 9.Qb3 Qc7 10.e4 O-O 11.Nd2 Nh5 12.Be3 f5 13.exf5 Bxf5 14.Be2 Nf6 15.h3
Na6 16.g4 Bd7 17.O-O Rae8 18.Nb5 Qb8 19.Rae1 h5 20.Qc2 Rxe3 21.fxe3 Qe8 
22.Qb3 Qe5 23.Rf4 hxg4 24.hxg4 Nxg4 25.Nf3 Qh5 26.Rxf8+ Bxf8 27.Bf1 Ne5 
28.Nxe5 Qxe5 29.e4 Qg5+ 30.Kf2 Qd2+ 31.Be2 Be7 32.Rh1 Bf6 33.Qg3 Bxb5 34.
Qxg6+ Bg7 35.Qe6+ Kf8 36.Qxd6+ Kf7 37.Qe6+ Kf8 38.Qc8+ Be8 39.Rf1 Bf6 40.
Qf5 Qxb2 41.Kg1 Kg7 42.Qg4+ Bg6 43.Kh1 Qc3 44.Rg1 Kf8 45.Bf1 Bf7 46.d6 Qd4
47.Qc8+ Be8 48.Qe6 Bf7 49.Qc8+ Be8 50.Qxb7 Nb4 51.Qh7 Bf7 52.Qh6+ Bg7 53.
Qf4 Nc6 54.Bb5 Ne5 55.d7 Nxd7 56.Qg4 Nb6 57.a4 Be5 58.a5 Qd2 59.Qh4 Nc8 
60.Bc6 Ne7 61.Ba4 Ng6 62.Qh3 c4 63.Bd1 c3 64.Rf1 Kg7 65.Bh5 c2 66.Qf5 Qh2#
0-1

[Event "16th EUR-ch"]
[Site "Jerusalem ISR"]
[Date "2015.02.26"]
[Round "3"]
[White "Sarana, Alexey"]
[Black "Riazantsev, Alexander"]
[Result "1/2-1/2"]
[WhiteElo "2419"]
[BlackElo "2688"]
[EventDate "2015.02.24"]
[PlyCount "151"]

1.Nf3 d5 2.d4 e6 3.c4 Nf6 4.Nc3 Be7 5.Bf4 O-O 6.e3 b6 7.cxd5 Nxd5 8.Nxd5 
exd5 9.Be2 c5 10.O-O Nc6 11.dxc5 bxc5 12.Rc1 Be6 13.Ne5 Nxe5 14.Bxe5 Qb6 
15.Qa4 Rfd8 16.Rfd1 a5 17.Bc3 c4 18.Rd2 Bd7 19.Qc2 Be6 20.Qa4 Bd7 21.Qc2 
Be6 22.Rcd1 a4 23.a3 Qb3 24.Qc1 Rd7 25.Bf3 Rad8 26.g3 h6 27.Kg2 Bc5 28.h3 
Be7 29.e4 Qb5 30.Qc2 dxe4 31.Bxe4 Bd5 32.Bxd5 Rxd5 33.Rxd5 Rxd5 34.Re1 Bf8
35.Qe4 Rd8 36.Qf3 Rd5 37.Re8 Qxe8 38.Qxd5 Qc8 39.Qb5 Qa8+ 40.f3 Bd6 41.
Qxc4 Qe8 42.Kf2 Bf8 43.h4 Qd7 44.g4 Qa7+ 45.Ke2 Qd7 46.Qe4 Be7 47.Qd4 Qb5+
48.Qd3 Qe8 49.Kd2 Bg5+ 50.Kc2 Qe6 51.Kd1 Bf6 52.Kc1 Qb3 53.Kd2 Qb6 54.Ke2 
Qg1 55.Qe3 Qh2+ 56.Kd3 Qd6+ 57.Kc2 Qc6 58.Qd3 Qb6 59.Qc4 Qf2+ 60.Kb1 Qxf3 
61.Bxf6 Qd1+ 62.Qc1 Qd3+ 63.Qc2 Qf1+ 64.Qc1 Qd3+ 65.Qc2 Qf1+ 66.Ka2 Qxf6 
67.Qxa4 Qe6+ 68.Kb1 Qe1+ 69.Kc2 Qe2+ 70.Kc1 Qe3+ 71.Kb1 Qe1+ 72.Kc2 Qe2+ 
73.Kc3 Qf3+ 74.Kd2 Qf2+ 75.Kc1 Qe3+ 76.Kc2 1/2-1/2

[Event "16th EUR-ch"]
[Site "Jerusalem ISR"]
[Date "2015.02.26"]
[Round "3"]
[White "Kryvoruchko, Yuriy"]
[Black "Kobo, Ori"]
[Result "1/2-1/2"]
[WhiteElo "2692"]
[BlackElo "2410"]
[EventDate "2015.02.24"]
[PlyCount "123"]

1.e4 e5 2.Nf3 Nc6 3.Bb5 a6 4.Ba4 Nf6 5.O-O Be7 6.Re1 b5 7.Bb3 d6 8.c3 O-O 
9.h3 Nb8 10.d4 Nbd7 11.Nbd2 Bb7 12.Bc2 Re8 13.Nf1 Bf8 14.Ng3 g6 15.a4 Bg7 
16.Bd3 c6 17.Be3 Qc7 18.Qd2 Rad8 19.Bh6 Bh8 20.Bg5 Nf8 21.c4 Ne6 22.axb5 
axb5 23.cxb5 exd4 24.bxc6 Bxc6 25.Bh4 Rb8 26.Rab1 Qb7 27.b4 Bb5 28.Bxf6 
Bxf6 29.Ne2 Bxd3 30.Qxd3 Qb5 31.Red1 Qxd3 32.Rxd3 Nc5 33.Rdd1 d3 34.Nf4 
Nxe4 35.Nd5 Bd8 36.Rxd3 Nf6 37.Nxf6+ Bxf6 38.Rxd6 Be7 39.Rd4 Rb5 40.Re1 
Kf8 41.Ree4 f5 42.Re1 Rxb4 43.Rd7 Re4 44.Rxe4 fxe4 45.Nd2 Bg5 46.Nc4 Kg8 
47.Ne3 Re5 48.Rd4 Kg7 49.Kf1 Bxe3 50.fxe3 Kf6 51.Kf2 h5 52.h4 Rf5+ 53.Kg3 
Ke5 54.Ra4 Rf1 55.Ra8 Rh1 56.Ra6 Kf5 57.Rb6 Rg1 58.Rb5+ Kf6 59.Rd5 Rh1 60.
Rg5 Rf1 61.Ra5 Rh1 62.Ra4 1/2-1/2

[Event "16th EUR-ch"]
[Site "Jerusalem ISR"]
[Date "2015.02.26"]
[Round "3"]
[White "Ben Artzi, Ido"]
[Black "Alekseev, Evgeny"]
[Result "0-1"]
[WhiteElo "2408"]
[BlackElo "2677"]
[EventDate "2015.02.24"]
[PlyCount "128"]

1.d4 Nf6 2.c4 e6 3.Nc3 Bb4 4.e3 c5 5.Bd3 Nc6 6.Nf3 Bxc3+ 7.bxc3 d6 8.O-O 
e5 9.Nd2 O-O 10.Rb1 b6 11.Re1 Bd7 12.d5 Ne7 13.e4 Ne8 14.Nf1 f5 15.exf5 
Bxf5 16.Ng3 Bxd3 17.Qxd3 Qd7 18.Ne4 Ng6 19.Ng5 Nc7 20.a4 Rab8 21.Bd2 Qf5 
22.Qxf5 Rxf5 23.a5 Na8 24.Ra1 Rb7 25.Ne6 Rd7 26.Bg5 h6 27.Bd8 Nf8 28.axb6 
Nxe6 29.b7 Rxd8 30.bxa8=Q Rxa8 31.dxe6 a5 32.Ra4 Kf8 33.Rea1 Ke7 34.Rxa5 
Rxa5 35.Rxa5 Kxe6 36.Ra7 Rf4 37.Rxg7 Rxc4 38.Rg6+ Ke7 39.Rxh6 Rxc3 40.Kf1 
Rd3 41.Ke2 c4 42.Rh7+ Ke6 43.Rc7 d5 44.h4 Kf5 45.h5 Kg5 46.Re7 e4 47.Re5+ 
Kh6 48.f4 c3 49.g4 Rd2+ 50.Ke1 Rg2 51.Re6+ Kh7 52.Rc6 Rxg4 53.Rxc3 Rxf4 
54.Rc6 Rh4 55.Rc7+ Kg8 56.Rc8+ Kf7 57.Rc7+ Kf6 58.Rc6+ Ke5 59.h6 d4 60.Kf2
d3 61.Ra6 Rh2+ 62.Kg3 Rh1 63.Kf2 d2 64.Ra5+ Kf4 0-1

[Event "16th EUR-ch"]
[Site "Jerusalem ISR"]
[Date "2015.02.26"]
[Round "3"]
[White "Usmanov, Vasily"]
[Black "Zhigalko, Sergei"]
[Result "1/2-1/2"]
[WhiteElo "2414"]
[BlackElo "2675"]
[EventDate "2015.02.24"]
[PlyCount "77"]

1.d4 Nf6 2.c4 e6 3.Nc3 Bb4 4.Qc2 O-O 5.Nf3 c5 6.dxc5 Na6 7.c6 bxc6 8.e3 
Nc5 9.Bd2 a5 10.a3 Bxc3 11.Bxc3 Nce4 12.Bxf6 Nxf6 13.c5 a4 14.O-O-O Qe7 
15.Kb1 e5 16.e4 Ba6 17.Bxa6 Rxa6 18.Rhe1 Ra5 19.Rc1 Rb8 20.Qc3 Rab5 21.Rc2
d6 22.cxd6 Qxd6 23.Nd2 h6 24.Re3 Nd7 25.Nc4 Qe6 26.Qd2 Nc5 27.Qd6 Rxb2+ 
28.Rxb2 Rxb2+ 29.Kxb2 Qxc4 30.Qb8+ Kh7 31.Qb4 Nd3+ 32.Rxd3 Qxd3 33.Qxa4 c5
34.Qc2 Qb5+ 35.Qb3 Qe2+ 36.Qc2 Qb5+ 37.Qb3 Qe2+ 38.Qc2 Qb5+ 39.Qb3 1/2-1/2

[Event "16th EUR-ch"]
[Site "Jerusalem ISR"]
[Date "2015.02.26"]
[Round "3"]
[White "Nisipeanu, Liviu-Dieter"]
[Black "Birnboim, Nathan"]
[Result "1-0"]
[WhiteElo "2654"]
[BlackElo "2347"]
[EventDate "2015.02.24"]
[PlyCount "41"]

1.d4 Nf6 2.c4 g6 3.Nc3 d5 4.cxd5 Nxd5 5.e4 Nxc3 6.bxc3 Bg7 7.Nf3 O-O 8.h3 
c5 9.Be3 Qa5 10.Bd2 e6 11.Be2 b6 12.a4 Bb7 13.Bb5 c4 14.Bxc4 Bxe4 15.Bb5 
Na6 16.c4 Nb4 17.Rb1 Bc2 18.Bxb4 Bxd1 19.Kxd1 a6 20.Bxa5 axb5 21.Bxb6 1-0

[Event "16th EUR-ch"]
[Site "Jerusalem ISR"]
[Date "2015.02.26"]
[Round "3"]
[White "Reshef, Omer"]
[Black "Khismatullin, Denis"]
[Result "0-1"]
[WhiteElo "2402"]
[BlackElo "2653"]
[EventDate "2015.02.24"]
[PlyCount "104"]

1.e4 g6 2.d4 Bg7 3.Nf3 d6 4.h3 Nf6 5.Nc3 O-O 6.Be3 c6 7.Bd3 Nbd7 8.Qd2 b5 
9.O-O Qc7 10.Ne2 Bb7 11.Ng3 Rfe8 12.Bh6 Bh8 13.Rae1 e5 14.dxe5 dxe5 15.Qe3
Nf8 16.c3 Ne6 17.Rd1 Bg7 18.Bxg7 Kxg7 19.Rd2 Rad8 20.Rfd1 a6 21.Bc2 Rxd2 
22.Qxd2 Rd8 23.Qe3 Rxd1+ 24.Bxd1 c5 25.Bc2 c4 26.Nh2 a5 27.Ng4 Ng8 28.Qd2 
h5 29.Ne3 h4 30.Ngf1 Nf6 31.f3 Nh5 32.a4 bxa4 33.Bxa4 Qc5 34.Kh2 Nef4 35.
Qd7 Ng3 36.Qb5 Nxf1+ 37.Nxf1 Qxb5 38.Bxb5 Nd3 39.b3 Nb2 40.bxc4 a4 41.Nd2 
a3 42.Kg1 Kf6 43.Kf1 Bc8 44.Nb3 Be6 45.Ke2 a2 46.Na1 Nxc4 47.Kd3 Na5 48.c4
Kg5 49.Ke3 Nxc4+ 50.Kf2 Kf4 51.Ba4 Ne3 52.Bb5 Nd1+ 0-1

[Event "16th EUR-ch"]
[Site "Jerusalem ISR"]
[Date "2015.02.26"]
[Round "3"]
[White "Postny, Evgeny"]
[Black "Mordechai, Hanan"]
[Result "1-0"]
[WhiteElo "2647"]
[BlackElo "2331"]
[EventDate "2015.02.24"]
[PlyCount "129"]

1.d4 Nf6 2.c4 e6 3.Nf3 c5 4.d5 b5 5.Bg5 exd5 6.cxd5 d6 7.e4 a6 8.a4 Be7 9.
Bxf6 Bxf6 10.axb5 Bxb2 11.Ra2 Bf6 12.Bd3 O-O 13.O-O Bb7 14.Nbd2 axb5 15.
Rxa8 Bxa8 16.Bxb5 Nd7 17.Nc4 Nb6 18.Ne3 g6 19.Qc2 Bg7 20.Rb1 Qc7 21.h3 Rb8
22.Bc6 Bb7 23.Bxb7 Rxb7 24.Qb3 Rb8 25.Nc4 Nd7 26.Qa2 Rb4 27.Qa8+ Nb8 28.
Qa2 Nd7 29.Rc1 Nb6 30.Qa5 Bh6 31.Rc2 Rb1+ 32.Kh2 Qb7 33.Nxb6 Qxb6 34.Qxb6 
Rxb6 35.g3 Bg7 36.Nd2 f5 37.Nc4 Ra6 38.exf5 gxf5 39.Ne3 Ra3 40.Nxf5 Rd3 
41.Nxd6 Rxd5 42.Ne4 Bd4 43.f4 Kf7 44.Kg2 Ke7 45.Ra2 Rd7 46.Re2 Kf8 47.Ng5 
Ra7 48.g4 Ra4 49.Nxh7+ Kg8 50.Ng5 c4 51.Re8+ Kg7 52.Re7+ Kg8 53.Re8+ Kg7 
54.Rc8 Ba1 55.Rc7+ Kg8 56.Rc8+ Kg7 57.Rc7+ Kg8 58.Kf3 c3 59.f5 Ra3 60.Kf4 
Ra2 61.Rc8+ Kg7 62.Ne6+ Kh7 63.Kg5 Rf2 64.Rc7+ Kg8 65.Kg6 1-0

[Event "16th EUR-ch"]
[Site "Jerusalem ISR"]
[Date "2015.02.26"]
[Round "3"]
[White "Kalka, Arkadius Georg"]
[Black "Georgiev, Kiril"]
[Result "0-1"]
[WhiteElo "2389"]
[BlackElo "2623"]
[EventDate "2015.02.24"]
[PlyCount "56"]

1.e4 c5 2.Nf3 d6 3.d4 cxd4 4.Nxd4 Nf6 5.Nc3 a6 6.Bg5 e6 7.f4 Qb6 8.Nb3 
Nbd7 9.Qe2 Qc7 10.O-O-O Be7 11.g4 b5 12.Bg2 Rb8 13.a3 b4 14.axb4 Rxb4 15.
Rhe1 O-O 16.e5 dxe5 17.fxe5 Nd5 18.Bxe7 Nxe7 19.Rd3 Ng6 20.Re3 a5 21.Nd2 
Bb7 22.Bxb7 Qxb7 23.Nc4 Nf4 24.Qf1 Ng2 25.Nxa5 Nxe3 26.Qd3 Qc7 27.Rxe3 
Qxa5 28.Qxd7 Rd8 0-1